| 000 | 00380nam a2200145Ia 4500 | ||
|---|---|---|---|
| 005 | 20251222151341.0 | ||
| 008 | 251222s9999||||xx |||||||||||||| ||spa|| | ||
| 020 | _a843008620X | ||
| 082 | _a615.321/V62 | ||
| 100 | _aVicente, Juan | ||
| 245 | 0 | _aPropiedades Curativas de las Plantas, Frutas y Verduras Valencianas | |
| 250 | _a1ra.ed. | ||
| 264 | _bTall Lloréns | ||
| 942 | _cLIB | ||
| 999 |
_c24463 _d24463 |
||